[Event "HCL-C3959"]
[Site "www.playchess.de"]
[Date "2006.01.05"]
[Round "9"]
[White "mothball"]
[Black "tusnelda"]
[WhiteElo "1230"]
[BlackElo "1112"]
[PlyCount "125"]
[Result "1-0"]

1.Nf3 Nc6 2.g3 d5 3.Bg2 Bg4 4.d3 e5 5.O-O Bc5 
6.Re1 Nf6 7.Nbd2 Bh5 8.c3 Qd7 9.b4 Bb6 10.a4 a6 
11.e3 O-O-O 12.Qe2 g5 13.e4 g4 14.Ng5 d4 15.b5 
axb5 16.axb5 Nb8 17.c4 h6 18.Nb3 hxg5 19.Bxg5 Qd6 
20.Bxf6 Qxf6 21.c5 Qe6 22.Reb1 Rh6 23.cxb6 Qxb6 
24.Ra5 Kd7 25.f3 Rg6 26.fxg4 Bxg4 27.Bf3 Bxf3 
28.Qxf3 Rf8 29.Ra8 Qxb5 30.Ra5 Qc6 31.Qf5+ Ke7 
32.Rxe5+ Kd8 33.Na5 Qd7 34.Nxb7+ Kc8 35.Qxd7+ Nxd7 
36.Ra5 Nb6 37.Nc5 Kd8 38.Nb3 Rd6 39.h4 f6 40.Rf5 
Rg8 41.Kg2 Kc8 42.Kf3 Na4 43.g4 Nc3 44.Ra1 Kb8 
45.g5 Rg6 46.Kg4 fxg5 47.hxg5 c6 48.Na5 Kc7 49.Nc4 
Rde6 50.Kh5 Nb5 51.Ne5 Rg8 52.g6 Kd6 53.Nf7+ Kc7 
54.Ne5 Nd6 55.Ra7+ Kb8 56.Nxc6+ Kc8 57.Ra8+ Kc7 
58.Rxg8 Nxf5 59.exf5 Rxc6 60.Rf8 Rc3 61.g7 Rxd3 
62.g8Q Rh3+ 63.Kg4 1-0

[Event "HCL-C4060"]
[Site "www.playchess.de"]
[Date "2006.01.05"]
[Round "5"]
[White "tusnelda"]
[Black "Farquhart"]
[WhiteElo "1187"]
[BlackElo "592"]
[PlyCount "35"]
[Result "1-0"]

1.e4 e5 2.Nf3 Nf6 3.Nc3 Nc6 4.Bc4 Bb4 5.O-O Nd4 
6.Nxd4 exd4 7.Nd5 Nxd5 8.exd5 Qg5 9.d3 Qg6 10.Bf4 
Bd6 11.Re1+ Kd8 12.Bxd6 Qxd6 13.a3 h5 14.Qf3 Qb6 
15.b4 Rh6 16.Qxf7 Re6 17.Qf8+ Re8 
18.Qxe8+ 1-0

[Event "HCL-B3772"]
[Site "www.playchess.de"]
[Date "2006.01.05"]
[Round "9"]
[White "kipkluifje02"]
[Black "bcalmac"]
[WhiteElo "1381"]
[BlackElo "1400"]
[PlyCount "32"]
[Result "0-1"]

1.e4 {hello}  e5 2.Nf3 Nc6 3.Bc4 Nf6 4.d3 Bc5 
5.Bg5 d6 6.h3 h6 7.Bh4 Be6 8.Bb5 a6 9.Bxc6+ bxc6 
10.O-O Qd7 11.Bxf6 gxf6 12.c4 Bxh3 13.Nh2 Rg8 
14.g3 Rxg3+ 15.Kh1 {I didn't see that}  Bg2+ {yes, 
I know the feeling:-)}  16.Kg1 
Bf3+ 0-1

[Event "HCL-C3952"]
[Site "www.playchess.de"]
[Date "2006.01.05"]
[Round "33"]
[White "Xav"]
[Black "tusnelda"]
[WhiteElo "1173"]
[BlackElo "1112"]
[PlyCount "34"]
[Result "0-1"]

1.d4 {Hello! Good game!}  d5 {Hi}  2.c4 Bf5 3.Nc3 
e6 4.e3 Bb4 5.Bd2 Nf6 6.a3 Bxc3 7.Bxc3 Ne4 8.Nf3 
Nxc3 9.bxc3 O-O 10.cxd5 Qxd5 11.Bd3 Nc6 12.Qc2 
Bxd3 13.Qxd3 e5 14.e4 Qe6 15.d5 Qg6 16.O-O Na5 
17.Nxe5 Qd6 0-1

[Event "HCL-B3684"]
[Site "www.playchess.de"]
[Date "2006.01.05"]
[Round "8"]
[White "CYTO"]
[Black "ArthurDent"]
[WhiteElo "1317"]
[BlackElo "601"]
[PlyCount "124"]
[Result "1/2-1/2"]

1.e4 {Hello from Tennessee.}  e5 {Greetings from 
Dallas, how are you?}  2.Nf3 {Great, I have a 
sister that lives in Dallas, my parents used to 
live in Bedford.}  Nc6 {Very cool, I'm in Plano, 
just north of Dallas, but drive through bedford on 
occasion to visit a cousin.}  3.Bb5 {You must be a 
Douglas Adams fan.}  Nf6 {Aren't we all?  :)}  
4.O-O {Yes :-)}  d5 {Have you seen the recent 
movie version of The Hitchiker's Guide... ?}  
5.exd5 {Yes I have, it was OK but as usual not 
nearly as good as the books.}  a6 {Amen to that... 
fun to watch but forgettable.}  6.Bxc6+ {Have you 
read Dirk Gently's Holistic Dective Agency?}  bxc6 
{No, I never took the time to do so, was it good?} 
 7.dxc6 {Yes, the same type of humor as in The 
Hitchhiker's Guide}  Bg4 {By "same type of humor" 
you of course mean GREAT humor :)  I'll check it 
out... right now reading a WWII book which, while 
I like it a lot, it'll be nice to pick up 
something not so serious when I'm done!}  8.d3 {If 
you like the hitchhikers books you will like the 
Dirk Gently book.}  Qd5 9.Nbd2 Qxc6 10.c3 Bc5 
11.Qe1 O-O 12.Nxe5 Qd5 13.Nxg4 Nxg4 14.d4 Qd6 
15.Nf3 Rae8 16.Qd2 Bb6 17.Qg5 f5 18.Qf4 Re2 
19.Qxd6 cxd6 20.b3 Rc8 21.h3 Nf6 22.Bf4 d5 23.Rfe1 
Re4 24.Be5 Rxc3 25.Ng5 Rxe1+ 26.Rxe1 Rc2 27.a4 Ne4 
28.Ne6 Rxf2 29.Rc1 f4 30.Nxf4 Rb2 31.Nxd5 Rxb3 
32.Nxb6 Nc3 33.Rf1 Rxb6 34.a5 Rb5 35.Ra1 Rb4 
36.Kf2 Ne4+ 37.Ke3 Nc3 38.Bd6 Nd5+ 39.Kd3 Rb7 
40.Ke4 Nf6+ 41.Ke5 Nd7+ 42.Ke6 Nf8+ 43.Bxf8 Kxf8 
44.g4 g5 45.d5 Ke8 46.Rd1 Re7+ 47.Kf6 Re3 48.Kxg5 
Rxh3 49.d6 Kd8 50.d7 h6+ 51.Kg6 Ra3 52.Rd5 Ra4 
53.g5 hxg5 54.Kxg5 Ra1 55.Kf5 Rc1 56.Ke6 Rc6+ 
57.Ke5 Rc1 58.Kd6 Rc7 59.Rc5 Rxd7+ 60.Kc6 Rc7+ 
61.Kb6 Rxc5 62.Kxc5 Kc7 {(offering draw)} 
 1/2-1/2

[Event "HCL-M872"]
[Site "www.playchess.de"]
[Date "2006.01.05"]
[Round "7"]
[White "Pitch"]
[Black "slimsboy"]
[WhiteElo "2037"]
[BlackElo "1901"]
[PlyCount "71"]
[Result "1-0"]

1.e4 e6 {Aloha again, good luck!}  2.d4 d5 3.Nd2 
Nc6 4.Ngf3 Nf6 5.e5 Nd7 6.Bb5 a6 7.Bxc6 bxc6 8.Nb3 
a5 9.Bg5 Be7 10.Bxe7 Qxe7 11.Qd2 Qb4 12.a4 O-O 
13.Qxb4 axb4 14.O-O Ba6 15.Rfe1 Bc4 16.Nfd2 Bxb3 
17.Nxb3 Nb6 18.Nc5 Rfb8 19.a5 Nc4 {Merry 
Christmas!}  20.a6 Nxb2 21.Reb1 Nc4 22.Ra4 g6 
23.Raxb4 Rxb4 24.Rxb4 Nb6 25.Rb3 Kf8 26.Kf1 Ke7 
27.Rf3 Rf8 28.Rh3 h5 29.Ke2 Ra8 {Happy New Year!}  
30.Rf3 Rf8 31.Ke3 Ra8 32.Kf4 Nd7 33.Nxd7 Kxd7 
34.Kg5 Ke7 35.Ra3 Ra7 36.h4 1-0

[Event "HCL-C4047"]
[Site "www.playchess.de"]
[Date "2006.01.05"]
[Round "17"]
[White "Farquhart"]
[Black "tusnelda"]
[WhiteElo "496"]
[BlackElo "1187"]
[PlyCount "40"]
[Result "0-1"]

1.e4 e5 2.d3 Bc5 3.c3 a6 4.d4 exd4 5.cxd4 Bb6 
6.Nf3 d6 7.Qa4+ Bd7 8.Qb3 Be6 9.Qa4+ Bd7 10.Qb4 
Nc6 11.Bg5 f6 12.Bh4 Nxb4 13.Na3 Ba5 14.Rc1 Nc2+ 
15.Kd1 Nxa3 16.bxa3 Bc6 17.d5 Ba4+ 18.Ke2 Qd7 
19.Nd2 Qg4+ 20.Nf3 Qxe4+ 0-1

[Event "HCL-M856"]
[Site "www.playchess.de"]
[Date "2006.01.05"]
[Round "3"]
[White "Kimura"]
[Black "fjpv"]
[WhiteElo "1860"]
[BlackElo "2232"]
[PlyCount "54"]
[Result "0-1"]

1.e4 e5 {Greetings from Portugal. Good luck}  
2.Nf3 {Hello from Washington DC! Have a good 
game!}  d6 3.d4 exd4 4.Qxd4 Nf6 5.Nc3 Be7 6.h3 Nc6 
7.Bb5 O-O 8.Bxc6 bxc6 9.Be3 c5 10.Qd2 Bb7 11.Qd3 
Qc8 12.Nd5 Nxd5 13.exd5 c6 14.dxc6 Bxc6 15.O-O-O 
Qe6 16.b3 Be4 17.Qd2 d5 18.Bg5 f6 19.Bf4 Qa6 
20.Kb1 Rac8 21.Ne1 c4 22.Qe2 Qb6 23.Be3 Qb4 24.Bd2 
Qb7 25.Ka1 cxb3 26.cxb3 f5 27.Nd3 
Bf6+ 0-1

[Event "HCL-B3688"]
[Site "www.playchess.de"]
[Date "2006.01.05"]
[Round "32"]
[White "JerryReneau"]
[Black "valpa"]
[WhiteElo "1124"]
[BlackElo "1145"]
[PlyCount "66"]
[Result "0-1"]

1.d4 d5 2.e3 Nc6 3.c4 e5 4.dxe5 Nxe5 5.cxd5 Bd7 
6.Nf3 Nxf3+ 7.Qxf3 c6 8.dxc6 Bxc6 9.Qg3 f6 10.Be2 
Qa5+ 11.Bd2 Qg5 12.Qxg5 fxg5 13.O-O Nf6 14.Nc3 Be7 
15.Bb5 Bxb5 16.Nxb5 O-O 17.a3 Rfd8 18.Bc3 a6 
19.Nc7 Rac8 20.Ne6 Rd5 21.Nd4 Ne4 22.Rac1 Nxc3 
23.bxc3 Bxa3 24.Rc2 h6 25.e4 Rxd4 26.Rb1 Rxe4 
27.g3 b5 28.Ra1 Bb4 29.Rxa6 Rxc3 30.Rxc3 Bxc3 
31.Rb6 b4 32.f3 Re2 33.h4 Bd4+ 0-1

[Event "HCL-A2547"]
[Site "www.playchess.de"]
[Date "2006.01.05"]
[Round "6"]
[White "hal1958"]
[Black "scaper"]
[WhiteElo "1480"]
[BlackElo "1319"]
[PlyCount "118"]
[Result "0-1"]

1.b4 {have a nice game}  e5 {u 
too
}  2.Bb2 d6 3.e3 Nf6 4.Nf3 Nc6 5.b5 Nb8 6.c4 c6 
7.a4 a5 8.Be2 h6 9.O-O c5 10.h3 Bf5 11.d3 Nbd7 
12.Nbd2 Be7 13.e4 Be6 14.Nb3 O-O 15.Bc3 b6 16.Nh2 
Re8 17.Bg4 Bxg4 18.Nxg4 Nxg4 19.Qxg4 Bg5 20.g3 Nf6 
21.Qe2 Nh7 22.h4 Bxh4 23.Bd2 Re6 24.Qg4 Rg6 25.Qh3 
Ng5 26.Bxg5 Bxg5 27.Nc1 Ra7 28.Ne2 Re7 29.Kh2 Bd2 
30.Rad1 Bb4 31.f4 Rf6 32.Qh4 Ree6 33.f5 Re8 34.g4 
g5 35.Qh3 d5 {ok i try another way than the draw 
way!}  36.cxd5 Qe7 37.Nc1 Rc8 38.Na2 c4 39.dxc4 
Rxc4 40.Qf3 Ba3 41.Nc3 Bb4 42.Rdc1 Bxc3 43.Rxc3 
Rxa4 44.Rfc1 Qb4 45.R3c8+ Kg7 46.R1c4 Qxb5 47.Rxa4 
Qxa4 48.Qe3 Qd1 49.Kg3 b5 50.Ra8 a4 51.Rb8 Qh1 
52.Rxb5 Qh4+ 53.Kf3 Qh3+ 54.Kf2 Qxg4 55.Ra5 Qd1 
56.Qc3 g4 57.Rc5 Qh1 58.Qxe5 Qf3+ 59.Ke1 
Qe3+ 0-1

[Event "HCL-A2479"]
[Site "www.playchess.de"]
[Date "2006.01.05"]
[Round "10"]
[White "Serger"]
[Black "learche"]
[WhiteElo "1324"]
[BlackElo "1405"]
[PlyCount "136"]
[Result "1/2-1/2"]

1.e4 c5 2.c3 Nc6 3.d4 cxd4 4.cxd4 e5 5.Nf3 d6 
6.Nc3 Bg4 7.Be2 Bxf3 8.Bxf3 Nxd4 9.O-O Ne7 10.Be3 
Nec6 11.Bxd4 Nxd4 12.Nd5 Be7 13.Rc1 Nc6 14.Qb3 Rb8 
15.Rfd1 O-O 16.Rd3 Bg5 17.Rcd1 Nd4 18.Qa4 a5 19.b4 
Ra8 20.bxa5 Rxa5 21.Qc4 b5 22.Qc3 Rxa2 23.Bg4 Qa5 
24.Qxa5 Rxa5 25.h3 Rb8 26.Rb1 Rba8 27.Nc7 R5a1 
28.Nxa8 Rxb1+ 29.Rd1 Rxd1+ 30.Bxd1 b4 31.Nb6 Bc1 
32.Na4 b3 33.Nc3 b2 34.Kf1 Nb5 35.Nb1 Nd4 36.Ke1 
g6 37.Ba4 {(offering draw)}  f5 38.f3 Be3 39.Kd1 
Kg7 40.Nc3 fxe4 41.fxe4 Kh6 42.Bc2 Kg5 43.Bb1 Kh4 
44.Ne2 Bc1 45.Bd3 Nxe2 46.Kxe2 Kg5 47.Kf3 
{(offering draw)}  Kf6 {just a little longer}  
48.h4 h5 49.g4 Ke7 50.gxh5 gxh5 51.Bb1 Kd7 52.Ke2 
Kc6 53.Kf3 Kc5 54.Ke2 Kd4 55.Kf3 d5 56.exd5 Kxd5 
57.Kg3 e4 58.Kf2 Ke5 59.Kg3 e3 60.Kf3 e2 61.Kxe2 
Kf4 62.Kf2 Kg4 63.Kg2 {(offering draw)}  Bf4 
64.Kh1 Kxh4 65.Be4 {(offering draw)}  Kg4 {i'm 
going to try}  66.Bb1 {OK :)}  h4 67.Bd3 Kf3 
68.Bb1 h3 {(offering draw)}  1/2-1/2

[Event "HCL-A2481"]
[Site "www.playchess.de"]
[Date "2006.01.05"]
[Round "5"]
[White "learche"]
[Black "seisan"]
[WhiteElo "1405"]
[BlackElo "1458"]
[PlyCount "77"]
[Result "1-0"]

1.e4 c5 2.Bc4 e6 3.Nc3 Nc6 4.d3 Bd6 5.f4 e5 6.f5 
Nd4 7.Nf3 a6 8.Bd5 Ne7 9.Bg5 f6 10.Bh4 Qa5 11.O-O 
Rb8 12.Nxd4 cxd4 13.Qh5+ Kd8 14.Ne2 Nxd5 15.exd5 
Qxd5 16.Ng3 Kc7 17.Ne4 Bb4 18.a3 Ba5 19.b4 Bb6 
20.Rfc1 d6 21.c3 Kd7 22.Kh1 Ke7 23.c4 Qg8 24.c5 
Bc7 25.Nd2 d5 26.Rce1 g6 27.Qg4 Bxf5 28.Qxd4 Kf8 
29.Qf2 Kg7 30.g4 Bxd3 31.Bxf6+ Kf7 32.Bxh8+ Ke8 
33.Bxe5 Bxe5 34.Rxe5+ Kd7 35.Rae1 Kc6 36.a4 Rf8 
37.R5e6+ Kc7 38.Qg3+ Kc8 39.R6e7 1-0

[Event "HCL-A2506"]
[Site "www.playchess.de"]
[Date "2006.01.05"]
[Round "10"]
[White "seisan"]
[Black "Emerson"]
[WhiteElo "1497"]
[BlackElo "1752"]
[PlyCount "120"]
[Result "0-1"]

1.d4 Nf6 2.c4 c5 3.d5 e5 4.Bg5 d6 5.e4 Be7 6.Nc3 
O-O 7.Nf3 a6 8.Be2 h6 9.Bh4 Nbd7 10.O-O Rb8 11.h3 
Ne8 12.Bxe7 Qxe7 13.Nh2 g6 14.f4 exf4 15.Rxf4 Ne5 
16.Ng4 Bxg4 17.Bxg4 Nxc4 18.Qe2 Ne5 19.Raf1 Nxg4 
20.Qxg4 b5 21.Ne2 Rb7 22.Ng3 Qg5 23.Qf3 h5 24.b3 
a5 25.h4 Qe5 26.Ne2 a4 27.g4 Ng7 28.g5 Ne8 29.Kg2 
Qb2 30.Rf2 axb3 31.axb3 c4 32.bxc4 bxc4 33.Nc3 Qc1 
34.Ne2 Qe1 35.Nd4 Rb1 36.Kg3 Qg1+ 37.Kh3 Nc7 
38.Rf6 Qh1+ 39.Qxh1 Rxh1+ 40.Kg2 Rxh4 41.Rxd6 Rxe4 
42.Nc6 Rg4+ 43.Kh3 Rxg5 44.Ne7+ Kg7 45.Rd7 Ne8 
46.d6 Nf6 47.Rc7 Ne4 48.Rc2 Nxd6 49.Nc6 Rc5 50.Rc1 
Rc8 51.Rxc8 Nxc8 52.Nd4 c3 53.Ne2 Nd6 54.Rxc3 
Rxc3+ 55.Nxc3 g5 56.Ne2 f5 57.Ng3 h4 58.Ne2 Kf6 
{hi, welcome in 2006. I hope you had a good 
holiday...}  59.Ng1 {yes.really good vacation.hope 
you enjoyed yourself too.}  Ne4 {I had to work; I 
am teacher and had to correct a number of 
classworks  :-)}  60.Nf3 {great profession 
moulding young minds.}  g4+ {yes, sometimes it´s 
not easy - but it is my real "profession" - since 
1980!}  0-1

[Event "HCL-C4071"]
[Site "www.playchess.de"]
[Date "2006.01.05"]
[Round "9"]
[White "aussie"]
[Black "reinfeld"]
[WhiteElo "1079"]
[BlackElo "799"]
[PlyCount "53"]
[Result "1-0"]

1.e4 d5 2.exd5 Qxd5 3.Nc3 Qd8 4.Bc4 e6 5.b3 Bc5 
6.Nf3 Nc6 7.O-O Bd7 8.Bb2 f6 9.Re1 Qe7 10.Nd5 Qd8 
11.d4 Bd6 12.Nc3 Qe7 13.d5 Ne5 14.Nxe5 fxe5 
15.dxe6 Bxe6 16.Bd5 Bxd5 17.Nxd5 Qd7 18.a4 Ne7 
19.Bxe5 O-O-O 20.Bxg7 Rhg8 21.Bf6 Rdf8 22.Nxe7+ 
Bxe7 23.Qxd7+ Kxd7 24.Rxe7+ Kc8 25.Be5 Rfe8 
26.Rxc7+ Kd8 27.Rd1+ 1-0

[Event "HCL-C4049"]
[Site "www.playchess.de"]
[Date "2006.01.05"]
[Round "7"]
[White "Farquhart"]
[Black "tusnelda"]
[WhiteElo "515"]
[BlackElo "1187"]
[PlyCount "46"]
[Result "0-1"]

1.e4 e5 2.Nf3 Nc6 3.Nc3 Bc5 4.Na4 Be7 5.Bc4 d6 
6.Ng5 Bxg5 7.Qf3 Nf6 8.d3 Nd4 9.Qg3 Bf4 10.Qxg7 
Rf8 11.g3 Nxc2+ 12.Ke2 Bxc1 13.Raxc1 Nd4+ 14.Kd1 
Bg4+ 15.Kd2 Bf3 16.Rhe1 h5 17.Re3 Qe7 18.Rc3 O-O-O 
19.b4 Ne8 20.Qh7 Rd7 21.Bb3 Qg5 22.Bd1 f6 23.Bxf3 
Rxh7 0-1

[Event "HCL-A2544"]
[Site "www.playchess.de"]
[Date "2006.01.05"]
[Round "17"]
[White "FighterFights"]
[Black "lunchpail"]
[WhiteElo "1887"]
[BlackElo "1315"]
[PlyCount "35"]
[Result "1-0"]

1.e4 {Hi, Best Luck.}  e5 {have a good game}  
2.Nf3 d6 3.d4 Nf6 4.Bd3 Nbd7 5.O-O Be7 6.c3 O-O 
7.Nbd2 c6 8.Re1 Qc7 9.Nf1 Ne8 10.Ng3 f6 11.Nf5 Nb6 
12.N3h4 Bxf5 13.Nxf5 Bd8 14.Re3 Nc8 15.Bc4+ Kh8 
16.Rh3 Ne7 17.Rxh7+ Kxh7 {wow}  
18.Qh5+ 1-0

[Event "HCL-A2458"]
[Site "www.playchess.de"]
[Date "2006.01.05"]
[Round "30"]
[White "evets"]
[Black "G501"]
[WhiteElo "1450"]
[BlackElo "1401"]
[PlyCount "61"]
[Result "1-0"]

1.Nf3 Nc6 2.d4 d5 3.e3 e6 4.c3 Nf6 5.Bd3 Bd6 6.O-O 
O-O 7.Nbd2 Re8 8.Re1 e5 9.e4 dxe4 10.Nxe4 Bg4 
11.Nxf6+ Qxf6 12.Bxh7+ Kxh7 13.Ng5+ Kg8 14.Qxg4 
exd4 15.Rxe8+ Rxe8 16.Bd2 dxc3 17.Bxc3 Be5 18.Qh5 
Bxc3 19.Qh7+ Kf8 20.Qh4 Kg8 21.bxc3 Qxc3 22.Rf1 
Ne5 23.Kh1 Ng6 24.Qh7+ Kf8 25.Nf3 Qc4 26.Kg1 Qxa2 
27.h4 c5 28.h5 Nf4 29.Qh8+ Ke7 30.Re1+ Ne2+ 
31.Rxe2+ 1-0

[Event "HCL-C4057"]
[Site "www.playchess.de"]
[Date "2006.01.05"]
[Round "4"]
[White "Farquhart"]
[Black "RUDI"]
[WhiteElo "550"]
[BlackElo "1261"]
[PlyCount "56"]
[Result "0-1"]

1.e4 e5 2.Nf3 d6 3.Bb5+ c6 4.Bd3 Nf6 5.Nc3 Be7 
6.g3 O-O 7.a4 d5 8.Qe2 Bg4 9.h3 Bxf3 10.Qxf3 Bb4 
11.Ne2 Nbd7 12.c3 Ba5 13.b4 Bc7 14.a5 Kh8 15.h4 
dxe4 16.Bxe4 Nxe4 17.Qf5 Nef6 18.d3 Nd5 19.d4 exd4 
20.cxd4 f6 21.h5 Re8 22.h6 g6 23.Qg4 f5 24.Qf3 
N7f6 25.Qb3 Ne4 26.f3 Nxg3 27.Rh3 Nxe2 28.f4 
Nxd4+ 0-1

[Event "HCL-A2377"]
[Site "www.playchess.de"]
[Date "2006.01.05"]
[Round "12"]
[White "crankn8tr"]
[Black "Andy1"]
[WhiteElo "1392"]
[BlackElo "1487"]
[PlyCount "80"]
[Result "0-1"]

1.e4 {hello and good games to you}  d5 2.exd5 Nf6 
3.c4 c6 4.dxc6 Nxc6 5.d3 e5 6.Be2 Bc5 7.Nf3 O-O 
8.O-O Be6 9.Bg5 h6 10.Be3 Bxe3 11.fxe3 Qc7 12.Nfd2 
Rad8 13.Nc3 Nb4 14.Nce4 Nxe4 15.Nxe4 f5 16.Nc3 
Bxc4 17.Qa4 Nxd3 18.Bxd3 Bxd3 19.Rfd1 e4 20.Rac1 
Qb6 21.Qb3+ Qxb3 22.axb3 Rf6 23.Na4 b5 24.Nc5 Rd5 
25.b4 Rfd6 26.Kf2 Kf7 27.Kg3 g5 28.h3 Bc4 29.Rxd5 
Rxd5 30.h4 Rd2 31.b3 Bd3 32.Ra1 Re2 33.Rxa7+ Kg6 
34.Rb7 Rxe3+ 35.Kf2 Re2+ 36.Kg1 Re1+ 37.Kf2 Rf1+ 
38.Ke3 f4+ 39.Kd4 Bc2 40.Nxe4 Rd1+ 0-1

[Event "HCL-C3991"]
[Site "www.playchess.de"]
[Date "2006.01.05"]
[Round "4"]
[White "Nutz"]
[Black "Roger_K"]
[WhiteElo "1127"]
[BlackElo "1132"]
[PlyCount "46"]
[Result "0-1"]

1.e4 {Hello there}  e5 {Hi - Have a good game}  
2.Nf3 Nc6 3.Nc3 Nf6 4.d4 exd4 5.Nxd4 Bb4 6.Bd2 
Nxd4 7.Nd5 Nxd5 8.Bxb4 Nxc2+ 9.Qxc2 Nxb4 10.Qc3 
Qe7 11.Rc1 Nxa2 12.Qxg7 Qxe4+ 13.Kd1 Rf8 14.Ra1 
Nb4 15.Qc3 Nd5 16.Bd3 Nxc3+ 17.bxc3 Qxd3+ 18.Ke1 
Kd8 19.f3 Re8+ 20.Kf2 Qe2+ 21.Kg3 Rg8+ 22.Kh3 d6+ 
23.g4 Qxf3+ 0-1

[Event "HCL-A2529"]
[Site "www.playchess.de"]
[Date "2006.01.05"]
[Round "5"]
[White "taroak"]
[Black "Matu"]
[WhiteElo "1458"]
[BlackElo "1499"]
[PlyCount "42"]
[Result "0-1"]

1.c4 Nf6 2.g3 c6 3.Bg2 g6 4.Nc3 Bg7 5.d3 O-O 6.e4 
d6 7.Nge2 Nbd7 8.O-O e5 9.h3 Nb6 10.Be3 Be6 11.f4 
exf4 12.Nxf4 Nfd7 13.Qd2 Qe7 14.Nce2 f5 15.Nxe6 
Qxe6 16.Rae1 fxe4 17.Nf4 Qe7 18.Bxe4 Nxc4 19.dxc4 
Qxe4 20.Bc5 Qxc4 21.Qxd6 Nxc5 0-1

[Event "HCL-A2515"]
[Site "www.playchess.de"]
[Date "2006.01.05"]
[Round "4"]
[White "Kinslayer"]
[Black "taroak"]
[WhiteElo "1900"]
[BlackElo "1399"]
[PlyCount "35"]
[Result "1-0"]

1.d4 {Hi!}  g6 {Gruss Dich}  2.Bf4 {Where are you 
from?}  Bg7 {Charlotte, NC und wo aus in 
Duetschland wohnen sie?}  3.e3 {Aschaffenburg in 
Bayern. Liegt in der nähe von Frankfurt am Main.}  
c5 {Aschaffenburg ist eine schoen stadt. Mien Dame 
ist auch Baayernische. Sie ist von Wuerzburg.}  
4.c3 {aha. Und wie lang lebt sie schon in den 
USA?}  Qb6 {Zu lange ;-) Sie sitzt neben mir und 
.....AU AU AU! Wie kan ich sie zuruck schicken. 
:-) 9 jahre :-(}  5.Qb3 Nf6 6.Nd2 O-O 7.Ngf3 d6 
8.Be2 Nc6 9.h3 Be6 10.Nc4 Qd8 11.Qxb7 Bd5 12.Qa6 
Rb8 13.dxc5 dxc5 14.Bxb8 Qxb8 15.O-O Ne4 16.Rad1 
Rd8 17.Rxd5 Rxd5 18.Qxc6 1-0

[Event "ACL-M075"]
[Site "www.playchess.de"]
[Date "2006.01.05"]
[Round "21"]
[White "bemweeks"]
[Black "Relic"]
[WhiteElo "2203"]
[BlackElo "2129"]
[PlyCount "102"]
[Result "1/2-1/2"]

1.e4 {Pleased to meet you.}  e5 {GL!}  2.Bc4 Nf6 
3.d3 c6 4.Nf3 d5 5.Bb3 Bd6 6.Nc3 d4 7.Ne2 O-O 
8.O-O Na6 9.c3 dxc3 10.bxc3 Nc5 11.Be3 Qc7 12.Ng3 
Rd8 13.Qc2 Bg4 14.Nh4 a5 15.h3 Bc8 16.Nhf5 Bf8 
17.Bxc5 Bxc5 18.Rfd1 Ba3 19.d4 a4 20.Bxa4 exd4 
21.Nxd4 Bd6 22.Nde2 h5 23.Bb3 Re8 24.Rde1 h4 
25.Nf1 Rxe4 26.Nd2 Bh2+ 27.Kh1 Bf5 28.Nf3 Bd6 
29.Ng5 Rf8 30.Qd2 Re7 31.Nd4 Be4 32.Nde6 Rxe6 
33.Nxe6 fxe6 34.Bxe6+ Kh8 35.Qg5 Bh7 36.Qxh4 g5 
37.Qh6 Qg7 38.Qxg7+ Kxg7 39.Rad1 Rd8 40.Rd4 c5 
41.Rd2 b5 42.f3 c4 43.Rd4 Bd3 44.g4 Bg3 45.Rxd8 
Bxe1 46.Rb8 Bxc3 47.Rxb5 Bd2 48.Rb7+ Kh6 49.Rc7 
{Best wishes for 2006! - Mark}  c3 {Thx. Enjoy the 
new year.}  50.Bb3 Nd5 51.Bxd5 c2 {(offering 
draw)}  1/2-1/2

[Event "HCL-C3979"]
[Site "www.playchess.de"]
[Date "2006.01.05"]
[Round "3"]
[White "Mareil"]
[Black "Kelthek"]
[WhiteElo "800"]
[BlackElo "400"]
[PlyCount "40"]
[Result "0-1"]

1.e4 e5 2.Nf3 Nc6 3.Bc4 Qe7 4.c3 Qf6 5.d4 d6 6.Bg5 
Qg6 7.Qb3 Qxe4+ 8.Kd2 Be7 9.Bxf7+ Kf8 10.Re1 Qg4 
11.dxe5 dxe5 12.Nxe5 Qxg5+ 13.Kd1 Nxe5 14.Rxe5 
Qxe5 15.Qc4 Bf5 16.Bxg8 Rd8+ 17.Nd2 Rxg8 18.h4 Qd6 
19.Qe2 Bxh4 20.Rc1 Re8 0-1

[Event "HCL-A2500"]
[Site "www.playchess.de"]
[Date "2006.01.05"]
[Round "5"]
[White "Curtis"]
[Black "Alex77"]
[WhiteElo "1407"]
[BlackElo "1417"]
[PlyCount "61"]
[Result "1-0"]

1.c4 Nf6 2.d4 g6 3.Nc3 d5 4.c5 Bg7 5.g3 O-O 6.Nf3 
Nc6 7.Bg2 Re8 8.O-O e5 9.dxe5 Nxe5 10.b4 Bg4 
11.Nxe5 Rxe5 12.Re1 c6 13.a3 a5 14.Bb2 d4 15.Na4 
axb4 16.axb4 Nd7 17.f3 Be6 18.Bxd4 Rd5 19.e3 Bxd4 
20.exd4 Nf6 21.Nb6 Rxa1 22.Qxa1 Rxd4 23.Qb1 Rd2 
24.Rf1 Qd4+ 25.Kh1 Rb2 26.Qa1 Qd2 27.Rg1 Nd5 
28.Nc4 Nxb4 29.Nxd2 Nd3 30.Ne4 Bd5 
31.h3 1-0

[Event "HCL-C4007"]
[Site "www.playchess.de"]
[Date "2006.01.05"]
[Round "18"]
[White "cla114"]
[Black "Bense"]
[WhiteElo "871"]
[BlackElo "1038"]
[PlyCount "53"]
[Result "1-0"]

1.e4 e5 2.Nf3 f6 3.Bc4 Ne7 4.O-O c6 5.d4 b5 6.Bb3 
Qc7 7.dxe5 fxe5 8.Nc3 Ng6 9.Ng5 Nh4 10.Qh5+ Ng6 
11.Nxh7 Qd6 12.Bg5 Be7 13.Rad1 Qb4 14.Qxg6+ Kd8 
15.Qxg7 Re8 16.Nf6 Bxf6 17.Bxf6+ Kc7 18.Bxe5+ Kb7 
19.a4 Qc5 20.Bd6 Qh5 21.axb5 cxb5 22.Bd5+ Kb6 
23.Qd4+ Ka6 24.Bxa8 Nc6 25.Rda1+ Na5 26.Bc7 Rh8 
27.Rxa5+ 1-0

[Event "HCL-B3785"]
[Site "www.playchess.de"]
[Date "2006.01.05"]
[Round "3"]
[White "Snillie"]
[Black "dynamike"]
[WhiteElo "1467"]
[BlackElo "1479"]
[PlyCount "62"]
[Result "0-1"]

1.c4 Nf6 2.g3 d5 3.cxd5 Nxd5 4.Bg2 c6 5.Nc3 e6 
6.Nf3 Be7 7.O-O O-O 8.e4 Nb4 9.d4 c5 10.d5 exd5 
11.Nxd5 Nxd5 12.Qxd5 Qxd5 13.exd5 Rd8 14.Rd1 Bd6 
15.Bg5 f6 16.Be3 Nd7 17.Rac1 b6 18.Nd2 Ne5 19.Nc4 
Bb7 20.Nxe5 Bxe5 21.Rc2 Rd6 22.f4 Bd4 23.Bxd4 cxd4 
24.Rxd4 Rad8 25.Rcd2 Rc8 26.Kf2 Kf8 27.Bh3 Rc1 
28.Be6 Rh1 29.Kg2 Ra1 30.a3 Rxe6 31.Kh3 
Rd6 0-1

[Event "HCL-M872"]
[Site "www.playchess.de"]
[Date "2006.01.05"]
[Round "8"]
[White "Ezechiel"]
[Black "Pitch"]
[WhiteElo "1786"]
[BlackElo "2037"]
[PlyCount "26"]
[Result "0-1"]

1.e3 {Hello Olintho, have fun!}  d5 2.g3 Nc6 3.Bg2 
Nf6 4.d3 e5 5.Ne2 h5 6.b3 h4 7.Bb2 h3 8.Bf3 e4 
9.dxe4 dxe4 10.Bxf6 Qxf6 11.Bxe4 Qxa1 12.Nbc3 
Qxd1+ 13.Nxd1 Bd7 0-1

[Event "HCL-A2526"]
[Site "www.playchess.de"]
[Date "2006.01.05"]
[Round "1"]
[White "stevetilbury"]
[Black "freno"]
[WhiteElo "1523"]
[BlackElo "1577"]
[PlyCount "83"]
[Result "1-0"]

1.c4 e5 {Hello from Paris}  2.Nc3 Nc6 3.g3 Bc5 
4.Bg2 Nf6 5.e3 O-O 6.a3 a6 7.Nge2 d6 8.O-O Re8 
9.b4 Ba7 10.Bb2 e4 11.d4 exd3 12.Qxd3 Ne5 13.Qc2 
Nxc4 14.Rac1 Nxb2 15.Qxb2 c6 16.Rfd1 Qc7 17.Nd5 
Nxd5 18.Rxd5 Bg4 19.Rg5 f5 20.Nf4 Qe7 21.h4 d5 
22.a4 Rad8 23.b5 axb5 24.axb5 Bb8 25.bxc6 Bxf4 
26.exf4 bxc6 27.Rxc6 Qf7 28.Rf6 Qa7 29.Rb6 g6 
30.Rb7 Qxb7 31.Qxb7 d4 32.Bd5+ Kh8 33.Qc6 Kg7 
34.Qc4 Re1+ 35.Kg2 Rde8 36.Qxd4+ Kh6 37.Rxg4 fxg4 
38.Qf6 R8e7 39.Qg5+ Kg7 40.Qxg4 R7e2 41.f5 R2e5 
42.Be6 1-0

[Event "HCL-A2489"]
[Site "www.playchess.de"]
[Date "2006.01.05"]
[Round "6"]
[White "janaj"]
[Black "cocohubert"]
[WhiteElo "1191"]
[BlackElo "1340"]
[PlyCount "90"]
[Result "0-1"]

1.c4 {hello from Munich}  g6 2.g3 Bg7 3.Bg2 c6 
4.Nf3 Nf6 5.O-O O-O 6.Nc3 d6 7.d3 Bg4 8.Nd4 Nfd7 
9.h3 Bf5 10.Nxf5 gxf5 11.e3 e6 12.Ne2 Nf6 13.Rb1 
b6 14.a3 d5 15.cxd5 cxd5 16.b4 Nc6 17.Nf4 Kh8 
18.d4 Rc8 19.Bd2 Rg8 20.Nd3 Ne4 21.Bxe4 dxe4 
22.Nf4 Bh6 23.b5 Ne7 24.Kh2 Bxf4 25.gxf4 Ng6 
26.Qh5 Qh4 27.Qxh4 Nxh4 28.f3 Rg2+ {touchè}  
29.Kh1 Rxd2 30.Rbc1 Rxc1 31.Rxc1 Ra2 32.fxe4 fxe4 
33.Rc3 Nf5 34.Kg1 Ng3 35.Rb3 Ne2+ 36.Kh1 Nc1 
37.Rc3 Nd3 38.Rc8+ Kg7 {bad}  39.Rc3 Nf2+ 40.Kg1 
Nxh3+ 41.Kf1 Nf2 42.Rb3 Nd1 43.Ke1 Nb2 44.Kf2 Nc4+ 
45.Kg3 Rxa3 0-1